|
|
|
|
| LEADER |
00000nab#a22000007a#4500 |
| 001 |
arbauad013720 |
| 003 |
AR-BaUAD |
| 005 |
20250711111328.0 |
| 008 |
950920|||||||||###||||||b###|0###a|spa|| |
| 040 |
|
|
|a AR-BaUAD
|c AR-BaUAD
|b spa
|
| 100 |
|
|
|a Scatasta, Raffaello
|
| 245 |
|
|
|a Raffaello Scatasta :
|b fotografie di interni /
|c Raffaello Scatasta;
|
| 300 |
0 |
|
|b il., fot
|
| 653 |
|
|
|a ITALIA
|
| 653 |
|
|
|a FOTOGRAFOS
|
| 653 |
|
|
|a SCATASTA, RAFFAELLO
|
| 653 |
|
|
|a FOTOGRAFIA DE ARQUITECTURA
|
| 773 |
0 |
|
|t Domus
|g no. 739 [jun. 1992], p. 6-7
|
| 942 |
|
|
|c ARTI
|
| 952 |
|
|
|0 0
|1 0
|4 0
|7 0
|9 58640
|a AR-BAuAD
|b AR-BAuAD
|d 2025-07-11
|l 0
|p AAQA013720
|r 2025-07-11 11:13:28
|w 2025-07-11
|y ARTI
|
| 990 |
|
|
|a F199
|b TD
|
| 998 |
|
|
|a AAQ
|b BIBUN76
|
| 999 |
|
|
|c 38313
|d 38313
|